Stretnutia ochotníkov na Spiši Po 28. ročníku Divadelnej Spišskej Novej Vsi

Bibliographic Details
Main Author: Mikola, Marián, 1934- (Author)
Format: Article
Language:Slovak
Subjects:

MARC

LEADER 00000nab a2200000 a 4500
001 vtls001014688
003 SK-MaSNL
005 20260303201215.0
008 190318e19950000xo 0 slo
035 |a SN641 
040 |a SNSK  |b slo  |c SNSK  |e AACR2 
041 0 |a slo 
044 |a xo  |c SK 
080 |a 792.077(091)  |2 1981 
100 1 |a Mikola, Marián,  |d 1934-  |4 aut  |9 6145 
245 1 0 |a Stretnutia ochotníkov na Spiši  |b Po 28. ročníku Divadelnej Spišskej Novej Vsi 
518 |a ročník 28. 
518 |a r. 1995 
611 2 7 |a Divadelná Spišská Nová Ves (Spišská Nová Ves, Slovensko)  |2 SNKKA  |9 32091 
650 0 7 |a amatérske divadlo  |2 SNKPH  |9 3348 
650 0 7 |a divadelné festivaly a prehliadky  |2 SNKPH  |9 3350 
651 7 |a Spišská Nová Ves (Slovensko)  |2 SNKPHgeo  |9 28800 
655 7 |a periodikum  |2 SNKPH  |9 29553 
773 0 8 |t Slovenský sever  |g Roč. 5, č.3 (1995), s. 21 
852 |a ZVYKNI  |b KIS3GCP 
999 |c 2172421  |d 2174351